Countries with the most Ukrainian speakers - Statistics

General Stats
  • This quiz has been taken 75 times
  • The average score is 8 of 10
Answer Stats
Percentage of Speakers Countries % Correct
1.3% Russia
100%
64.7% Ukraine
98%
1.3% Belarus
92%
3.8% Moldova
89%
0.6% Poland
89%
0.4% Romania
83%
2.2% Latvia
68%
0.6% Estonia
62%
0.6% Canada
60%
5% Kazakhstan
57%
No matching quizzes found
Score Distribution
Percent of People with Each Score
Percentile by Number Answered
Your Score History
You have not taken this quiz